Spätný nákup akcií - alternatíva vyplácania dividend

Ekonomická podstata rozdeľovania zisku spätným výkupom akcií. Právna úprava spätného nákupu akcií. V článku sú naznačené niektoré problémy, ktoré sú zakomponované v právnych normách.

Na minha lista:
Detalhes bibliográficos
Autor principal: Hodál, Matej
Formato: Capítulo de Livro
Idioma:eslovaco
Assuntos:
Tags: Adicionar Tag
Sem tags, seja o primeiro a adicionar uma tag!

MARC

LEADER 00000naa$a2200000$$$4500
001 0011749
005 20230919094111.6
041 0 |a slo 
044 |a SK 
245 1 0 |a Spätný nákup akcií - alternatíva vyplácania dividend  |c aut. Matej Hodál 
520 |a Ekonomická podstata rozdeľovania zisku spätným výkupom akcií. Právna úprava spätného nákupu akcií. V článku sú naznačené niektoré problémy, ktoré sú zakomponované v právnych normách. 
610 2 0 |a akcie 
610 2 0 |a akcionári 
610 2 0 |a nákup 
610 2 0 |a zisk 
610 2 0 |a dividendy 
610 2 0 |a normy právne 
100 1 |a Hodál, Matej